The Racah-Wigner algebra in quantum theory /
Guardado en:
| Autor Principal: | |
|---|---|
| Otros Autores: | |
| Formato: | Libro |
| Idioma: | English |
| Publicado: |
Reading, Mass. :
Addison-Wesley, Advanced Book Program,
1981.
|
| Series: | Encyclopedia of mathematics and its applications ;
v. 9. Encyclopedia of mathematics and its applications. Section, Mathematics of physics. |
| Materias: | |
| Etiquetas: |
Agregar Etiqueta
Sin Etiquetas, Sea el primero en etiquetar este registro!
|
| LEADER | 01309pam a2200289 a 4500 | ||
|---|---|---|---|
| 001 | MAT.inmabb002828 | ||
| 008 | 810429s1981####maua#####b####001#0#eng## | ||
| 005 | 20130214152921.0 | ||
| 245 | 1 | 4 | |a The Racah-Wigner algebra in quantum theory / |c Lawrence C. Biedenharn, James D. Louck ; with a foreword by Peter A. Carruthers ; introduction by George W. Mackey. |
| 260 | |a Reading, Mass. : |b Addison-Wesley, Advanced Book Program, |c 1981. | ||
| 300 | |a lxxxviii, 534 p. : |b il. ; |c 25 cm. | ||
| 490 | 1 | |a Encyclopedia of mathematics and its applications ; |v v. 9. |a Section, Mathematics of physics | |
| 500 | |a Para la 1ª parte de esta obra, véase: Angular momentum in quantum physics. | ||
| 504 | |a Incluye referencias bibliográficas e índices. | ||
| 510 | 4 | |a MR, |c 83d:81002 | |
| 020 | |a 0201135086 | ||
| 100 | 1 | |a Biedenharn, L. C. | |
| 700 | 1 | |a Louck, James D. | |
| 700 | 1 | |a Biedenharn, L. C. |t Angular momentum in quantum physics. | |
| 830 | 0 | |a Encyclopedia of mathematics and its applications ; |v v. 9. | |
| 830 | 0 | |a Encyclopedia of mathematics and its applications. |p Section, Mathematics of physics. | |
| 650 | 0 | |a Racah algebra. | |
| 650 | 0 | |a Quantum theory. | |
| 084 | |a 81-02 (17B10 20G45 22E70 81Qxx) |2 msc2000 | ||
| 010 | |a 81003668 | ||
| 040 | |a DLC |c DLC |d DLC | ||
| 859 | |h 81 |i B586r |p A-5387 |b BIB. MATEMATICA | ||
